书目信息 |
| 题名: |
百菜百话
|
|
| 作者: | 高世良 著 | |
| 分册: | ||
| 出版信息: | 天津 百花文艺出版社 2008.09 |
|
| 页数: | 359页 | |
| 开本: | 21cm | |
| 丛书名: | ||
| 单 册: | ||
| 中图分类: | S63 | |
| 科图分类: | ||
| 主题词: | 蔬菜--shu cai--简介--中国 | |
| 电子资源: | ||
| ISBN: | 978-7-5306-5053-0 | |
| 000 | 00714nam0 2200229 450 | |
| 001 | 012009089468 | |
| 005 | 20090623115849.10 | |
| 010 | @a978-7-5306-5053-0@dCNY23.00 | |
| 100 | @a20090623d2008 em y0chiy0120 ea | |
| 101 | 0 | @achi |
| 102 | @aCN@b120000 | |
| 105 | @aa z 000yy | |
| 106 | @ar | |
| 200 | 1 | @a百菜百话@Abai cai bai hua@f高世良著@Fgao shi liang zhu |
| 210 | @a天津@c百花文艺出版社@d2008.09 | |
| 215 | @a359页@c图@d21cm | |
| 330 | @a本书主要内容包括:白菜类蔬菜,甘蓝类蔬菜,绿叶类蔬菜,莴苣类蔬菜,根类蔬菜,茄果类蔬菜,瓜类蔬菜等。 | |
| 606 | 0 | @a蔬菜@Ashu cai@x简介@y中国 |
| 690 | @aS63@v4 | |
| 701 | 0 | @a高世良@Agao shi liang@4著 |
| 801 | 0 | @aCN@bQSSK@c20090623 |
| 905 | @b748436-38@dS63@eG173@f3 | |
| 百菜百话/高世良著.-天津:百花文艺出版社,2008.09 |
| 359页:图;21cm |
| ISBN 978-7-5306-5053-0:CNY23.00 |
| 本书主要内容包括:白菜类蔬菜,甘蓝类蔬菜,绿叶类蔬菜,莴苣类蔬菜,根类蔬菜,茄果类蔬菜,瓜类蔬菜等。 |
| ● |
| 相关链接 |
|
|
|
正题名:百菜百话
索取号:S63/G173
 
预约/预借
| 序号 | 登录号 | 条形码 | 馆藏地/架位号 | 状态 | 备注 |
| 1 | 748436 | 207484364 | 自科库401/401自科库 67排7列1层/ [索取号:S63/G173] | 在馆 | |
| 2 | 748437 | 207484373 | 自科库401/401自科库 67排7列1层/ [索取号:S63/G173] | 在馆 | |
| 3 | 748438 | 207484382 | 自科库401/401自科库 67排7列1层/ [索取号:S63/G173] | 在馆 |